|
|
|
|
| LEADER |
01407nam a2200313 u 4500 |
| 001 |
10032225 |
| 003 |
upatras |
| 005 |
20210506064426.0 |
| 008 |
000203s1993 us eng |
| 020 |
|
|
|a 0792393848
|
| 040 |
|
|
|a GR-PaULI
|c GR-PaULI
|
| 041 |
0 |
|
|a eng
|
| 082 |
0 |
4 |
|a 621.397 32
|
| 245 |
1 |
0 |
|a BiCMOS technology and applications
|c edited by A.R. Alvarez
|
| 250 |
|
|
|a 2nd edition
|
| 260 |
|
|
|a Boston
|b Kluwer Academic Publishers
|c 1993
|
| 300 |
|
|
|a xvi, 404 p.
|b fig.
|c 25 cm.
|
| 490 |
1 |
|
|a Kluwer international series in engineering and computer science : VLSI, computer architecture and digital signal processing
|v SECS 244
|
| 504 |
|
|
|a Includes bibliographical references and index
|
| 650 |
|
4 |
|a CMOS VLSI
|9 30135
|
| 650 |
|
4 |
|a Ψηφιακά κυκλώματα
|9 1637
|
| 650 |
|
4 |
|a Ολοκληρωμένα κυκλώματα
|x Ολοκλήρωση πολύ μεγάλης κλίμακας
|9 35013
|
| 700 |
1 |
|
|a Alvarez, A. R.
|q ((Antonio R.))
|4 edt
|9 155296
|
| 760 |
1 |
|
|a The Kluwer international series in engineering and computer science
|g SECS 244
|
| 852 |
|
|
|a GR-PaULI
|b ΠΑΤΡΑ
|b ΒΚΠ
|b ΒΣ1
|k ΑΣΧΞ
|h 621.397 32 A
|m 056505
|p 025000075119
|t 1
|
| 942 |
|
|
|2 ddc
|c BK15
|
| 952 |
|
|
|0 0
|1 0
|4 0
|6 621_397000000000000_32_A
|7 0
|9 203244
|a LISP
|b LISP
|c BSC
|d 2016-04-24
|i 056505
|l 0
|o 621.397 32 A
|p 025000075119
|r 2016-04-24 00:00:00
|t 1
|w 2016-04-24
|y BK15
|
| 998 |
|
|
|c ΣΥΨΑ
|d 2000-02
|
| 999 |
|
|
|c 124066
|d 124066
|